Estatísticas para Título na Letra

Clique aqui para jogar o quiz

Estatísticas Gerais

  • Esse quiz foi jogado 131 vezes
  • A pontuação média é 3 de 15

Estatísticas das Respostas

LetraTítulo% Correto
Piri pipiri pipiri piri _________ / Ela tá maluca, ela tá doidinhaPiradinha
92%
Nossa, nossa / Assim você me mata / __ __ __ __ ____, ai __ __ __ __ ____Ai Se Eu Te Pego
85%
__ _____ _____ __ _____ ____ / Eu quero tchu tcha tcha tchu tchu tcha / Tchu tcha tcha tchu tchu tchaEu Quero Tchu, Eu Quero Tcha
57%
Me doei, me entreguei, ___ ____ / Chorei, choreiFui Fiel
21%
_____ ___ ___ / É o que eu gosto / Quanto mais você me ilude, mais eu te adoroMente Pra Mim
20%
Então agora ___ __ ____ (não quero saber de beijos) / ___ __ ____ (não quero saber de abraços)Não Me Toca
15%
Baby da-me o teu amor quero sentir o calor / Eu sou / Mulherengo / Mas vou te dar valor vala / Abana, abana, _____ _ _______ babyAbana o Vestido
11%
Mas quando eu começo a dançar... / ____ _____ ______, ____ _____ ______ / ____ _____ ______ com um dedinho na bocaElas Ficam Loucas
11%
Lá na selva, ali na selva / ____ _____ _ _ ____ / Lá na aldeia, ali na aldeia / ____ _____ _ _ ____Quem Dorme é o Leão
10%
Sou incapacidade de viver por mim / Sem você, __ ___ ____Eu Sem Você
9%
_ _____ ___ _____, não desfaz / O beijo que eu desejo sempre maisO Tempo Não Apaga
7%
Vem _________ Rojão / Traz a lenha pro fogão / Vem fazer armaçãoMagalenha
5%
A culpa não é tua, ele já é da rua / A qualquer lado chuta / _____________ -goloScalinguindon
2%
A pista, pelo _______, pela vitória / Conquista, se é pela glória, uso meu trunfo / A rua é nóiz, nóiz, nóizTriunfo
2%
________ __ ____, escrevo essa canção / Com o sentimento que está no meu coraçãoPensando em Você
1%

Distribuição das Pontuações

Percentil de Números Respondidos

Porcentagem de Pessoas com Cada Pontuação

Sua Pontuação Histórica

Você não jogou esse quiz